| 000 | 00594nam a22001937a 4500 | ||
|---|---|---|---|
| 003 | DO-SdBNP | ||
| 005 | 20220421093247.0 | ||
| 007 | ta | ||
| 008 | 220421b1991 |||||||| |||| 00| 0 spa d | ||
| 040 |
_aDO-SdBNP _bspa _cBNPHU |
||
| 082 | 4 |
_bC352d, 1991 _222 |
|
| 100 | 1 |
_aCastillo Morales, Luis R. del _917683 |
|
| 245 | 1 | 0 |
_aDerecho procesal penal. / _cLuis R. del Castillo Morales, Juan Ml. Pellerano Gómez, Hipólito Herrera Pellerano. |
| 250 | _a2a ed. | ||
| 260 |
_aSanto Domingo : _bCorripio, _c1991. |
||
| 300 |
_a258 p. ; _c24 cm. |
||
| 590 | _aInventariado, 2022/BT | ||
| 942 |
_2ddc _cLBS1 |
||
| 999 |
_c51557 _d51557 |
||